000 00719nam a2200253 i 4500
001 C2-0224459
003 PPAK
005 20180728152955.0
008 000422s1997 my a|||| ||||| | may d
020 _a9838472115
040 _aPPAK
_beng
_cPPAK
_erda
082 0 4 _a398.2
_223
090 0 0 _a398.2
_bKUC
_dK
245 0 0 _aKucing berkasut but
264 1 _aKuala Lumpur :
_bBuku Must ,
_c1997
300 _a22 pages :
_bcolour illustrations ;
_c26 cm
336 _2rdacontent
_atext
337 _2rdamedia
_aunmediated
338 _2rdacarrier
_avolume
490 1 _aSiri dongeng dunia untuk kanak-kanak
650 1 0 _aFolk literature, Malay
830 0 _aSiri dongeng dunia untuk kanak-kanak
942 _ddc
_cB
999 _c145357
_d145357